书目信息 |
| 题名: |
数学的故事
|
|
| 作者: | 畲田 , 李晶 编著 | |
| 分册: | ||
| 出版信息: | 长春 北方妇女儿童出版社 2010.04 |
|
| 页数: | 159页 | |
| 开本: | 24cm | |
| 丛书名: | 课本中的故事 | |
| 单 册: | ||
| 中图分类: | O1-49 | |
| 科图分类: | ||
| 主题词: | 数学--青少年读物 | |
| 电子资源: | ||
| ISBN: | 978-7-5385-4225-7 | |
| 000 | 01129nam 2200349 450 | |
| 001 | CALB0120110579135m | |
| 005 | 20111230155948.95 | |
| 010 | @a978-7-5385-4225-7@dCNY25.00 | |
| 099 | @aCALB0120110579135m | |
| 100 | @a20100409d2010 em y0chiy0121 ea | |
| 101 | 0 | @achi |
| 102 | @aCN@b220000 | |
| 105 | @ay z 000yy | |
| 200 | 1 | @a数学的故事@f畲田, 李晶编著@Ashu xue de gu shi |
| 205 | @a第2版 | |
| 210 | @a长春@c北方妇女儿童出版社@d2010.04 | |
| 215 | @a159页@c插图@d24cm | |
| 225 | 2 | @a课本中的故事 |
| 308 | @a封面丛书英文题名:The Story From Textbook | |
| 312 | @a封面英文题名:THE STORY OF MATHEMATICS | |
| 330 | @a数学不仅仅是枯燥的公式,还有背后绚丽多彩的世界。一起阅读数学的故事,让智慧之花在心灵盛开。 | |
| 333 | @a读者对象:本书适用于广大青少年阅读。 | |
| 410 | 0 | @12001 @a课本中的故事 |
| 510 | 1 | @aThe Story From Textbook@zeng |
| 510 | 1 | @aTHE STORY OF MATHEMATICS@zeng |
| 606 | 0 | @a数学@j青少年读物 |
| 690 | @aO1-49@v4 | |
| 701 | 0 | @a畲田@4编著@Ashe tian |
| 701 | 0 | @a李晶@4编著@Ali jing |
| 801 | 0 | @aCN@b昆明新知图书城@c20111230 |
| 905 | @aZUCC@dO1-49@eS344=2@f3 | |
| 998 | @aBSXY | |
| 数学的故事/畲田, 李晶编著.-第2版.-长春:北方妇女儿童出版社,2010.04 |
| 159页:插图;24cm.-(课本中的故事) |
| 使用对象:读者对象:本书适用于广大青少年阅读。 |
| ISBN 978-7-5385-4225-7:CNY25.00 |
| 数学不仅仅是枯燥的公式,还有背后绚丽多彩的世界。一起阅读数学的故事,让智慧之花在心灵盛开。 |
| ● |
| 相关链接 |
|
|
|
正题名:数学的故事
索取号:O1-49/S344=2
 
预约/预借
| 序号 | 登录号 | 条形码 | 馆藏地/架位号 | 状态 | 备注 |
| 1 | 1189651 | 211896518 | 自科库401/401自科库 105排5列2层/ [索取号:O1-49/S344=2] | 在馆 | |
| 2 | 1189652 | 211896527 | 期刊室512/401自科库 105排5列2层/ [索取号:O1-49/S344=2] | 在馆 | |
| 3 | 1189653 | 211896536 | 社科二线400B/400B社科库 33排3列3层/ [索取号:O1-49/S344=2] | 在馆 |